00851cam a22002651 45000010008000000030009000080050017000170080041000340100017000750150014000920350019001060400043001250420012001680500022001800510014002020820016002161000053002322450085002852600051003703000030004214900039004515040031004906500026005218300038005477901256BDDh-ASL20231015025907.0800122s1951 njua b 000 0 eng  a 51013881  aGB52-4712 a(OCoLC)5900241 aDLCcIDeKNdWaChenEdUkdDLCdBDDh-ASL apremarc00aPJ25b.P7 vol. 1500aDS38b.Y6 a297.09bYON1 aYoung, T. Cuylerq(Theodore Cuyler),d1900-1976.10aNear Eastern culture and society:ba symposium on the meeting of East and West / aPrinceton:bPrinceton University Press,c1951. ax, 250 p.billus.c23 cm.1 aPrinceton Oriental studies,vv. 15 aBibliographical footnotes. 0aIslamic civilization. 0aOriental studies series ;vv. 15.